Statistics for Car Logos Quiz - car quiz #3

Click here to take the quiz!

General Stats

  • This quiz has been taken 47 times
  • The average score is 16 of 20

Answer Stats

Answer% Correct
Jaguar
98%
BMW
96%
Mercedes
96%
Tesla
96%
Toyota
94%
Bentley
91%
Nissan
91%
Suzuki
91%
Lamborghini
89%
Subaru
89%
Skoda
83%
Citroën
81%
Mini
79%
Volvo
79%
Opel
77%
Maserati
72%
Mustang
68%
Acura
57%
Lincoln
55%
Scion
38%

Score Distribution

Percentile by Number Answered

Percent of People with Each Score

Your Score History

You have not taken this quiz